Biggest Cities in Tasmania on the Map - Statistics

General Stats
  • This quiz has been taken 442 times
  • The average score is 7 of 20
Answers on the Map
Answers color-coded by a green-red scale on the quiz's map according to % correct below.
 
Answer Stats
Pop City % Correct
198 k Hobart
100%
80.9 k Launceston
77%
24.3 k Devonport
60%
20.2 k Burnie-Somerset
50%
12.7 k Ulverstone
32%
4.4 k George Town
30%
3.3 k Penguin
30%
6.4 k New Norfolk
29%
5.3 k Wynyard
28%
3.2 k Smithton
26%
2.9 k Perth
25%
3.1 k Sorell
24%
2.6 k Deloraine
22%
3.7 k Longford
21%
3.8 k Latrobe
20%
3.8 k Port Sorell
18%
2.5 k Margate
17%
5.2 k Dodges Ferry-Lewisham
16%
3.8 k Legana
16%
3.3 k Midway Point
16%
No matching quizzes found
Score Distribution
Percent of People with Each Score
Percentile by Number Answered
Your Score History
You have not taken this quiz